Online Catalogue and eLibrary

Wana sapu mala (Record no. 4930)

MARC details
000 -LEADER
fixed length control field 00360nam a2200157Ia 4500
005 - DATE AND TIME OF LATEST TRANSACTION
control field 20250703155805.0
008 - FIXED-LENGTH DATA ELEMENTS--GENERAL INFORMATION
fixed length control field 240331s9999 xx 000 0 und d
020 ## - INTERNATIONAL STANDARD BOOK NUMBER
ISBN 95591350301
082 ## - DDC Classification
Item Number - Author Mark BAN
Class No. 891
100 ## - MAIN ENTRY--PERSONAL NAME
Personal name Bandara,C
245 #0 - TITLE STATEMENT
Title Wana sapu mala
260 ## - PUBLICATION, DISTRIBUTION, ETC.
Place of publication, distribution, etc. Kotte
Name of publisher, distributor, etc. Pinidiya Publishers
Date of publication, distribution, etc. 1992
300 ## - PHYSICAL DESCRIPTION
Extent (e.g. Volumes, Pages etc.) 118 p.,
650 ## - SUBJECT ADDED ENTRY--TOPICAL TERM
Topical term or geographic name entry element A Novel
942 ## - Koha item type (Biblio)
Koha item type Books in Stacks (Lending)
Holdings
Lost status Damaged status Collection code Home library Current library Shelving location Date acquired Full call number Accession Number Item type
    Lending WERC Library WERC Library Social Science Cupboard 03/31/2024 891.48 BAN 1366 Books in Stacks (Lending)

© WERC Library